00345nam a2200109Ia 4500008004100000082002000041100002700061245002600088260003300114630001800147650007000165211109s9999||||xx |||||||||||||| ||und|| a894.8123bSAD-O aSadanandan S L Puram,  0aOral Koodi Kallan Aai bCurrent BooksaTrichurc1963 xGeneral Stack aMalayalam Literaturevmalayalam FictionMalayalam NovelxGeneralia